LEADER 01080nam a2200253 u 4500 001 000000031545 003 CaOOAMICUS 005 20070226112143.0 008 971006s1967 sz u000 u fre u 035 $a10771501 040 $aPUL$bita 130 0 $aBiblia.$pV.T.$lFrancese.$kGruppi, scelte.$0(OLS)http://pul/title/42692 245 14$aLes livres des Chroniques, d'Esdras et de Néhémie /$cFrank Michaeli. 260 $aNeuchâtel :$bDelachaux & Niestlé,$c1967. 300 $a369 p. ;$c24 cm 490 1 $aCommentaire de l'Ancien Testament ;$v16 700 1 $aMichaeli, Frank.$0(OLS)http://pul/name/24917 830 0$aCommentaire de l'Ancien Testament ;$v16.$0(OLS)http://pul/title/18892 850 $aPUL 852 $aPUL$W1$xSL Religione 1$y3$m1(7) L 49$j43570$nBK-PRI$b $qStampati$B43570$CPULBib$Z2$F43570 $H $81 941 1 $a8 961 $aINV: 29833 996 $6245$aLes livres des Chroniques, d'Esdras et de Néhémie$9(OLS)http://pul/title/43383 996 $6260$aNeuchâtel :$bDelachaux & Niestlé$9(OLS)http://pul/publisher/50449 LEADER 01766nam a2200361 a 4500 001 000000120599 003 CaOOAMICUS 005 20250703162603.0 008 100305s2000 it u000 u ita r 020 $z88-04-36360-6 (v. 1)* 020 $z88-04-46917-X (v. 2)* 040 $aPUL$bita$dReb 041 1 $aita$hfre 100 1 $aMaupassant, Guy de,$d1850-1893.$0(OLS)http://pul/name/56355 245 10$aTutte le novelle /$cGuy De Maupassant . 260 $aMilano :$bArnoldo Mondadori,$c2000. 300 $a2 v. ;$c18 cm. 490 1 $aMeridiani 504 $aInclude riferimenti bibliografici ed indice. 505 0 $aV. 1 / a cura di Mario Picchi. --v. 2 / a cura e con introduzione di Maria Giulia Longhi ; traduzione e cronologia di Mario Picchi. 700 1 $aPicchi, Mario,$d1927-1996.$0(OLS)http://pul/name/114452 700 1 $aLonghi, Maria Giulia.$0(OLS)http://pul/name/75436 700 1 $aMaupassant, Guy de,$d1850-1893.$tNovelle.$0(OLS)http://pul/nameTitle/1163$0(OLS)http://pul/name/56355$0(OLS)http://pul/title/151649 830 0$aMeridiani.$0(OLS)http://pul/title/67827 850 $aPUL 852 $aPUL$W1$xSL Cons. Gen., Altre Classi 3$y75$m850 COLL 2.84.1$j138232$qDDC 21$B137451$CPULBib$Z2$F137451 $H112960 $82 852 $aPUL$W1$xSL Cons. Gen., Altre Classi 3$y75$m850 COLL 2.84.2$j138233$qDDC 21$B137452$CPULBib$Z2$F137452 $H112961 $82 941 1 $a9 996 $6020$z88-04-36360-6 (v. 1)*$9(OLS)http://pul/number/143536 996 $6020$z88-04-46917-X (v. 2)*$9(OLS)http://pul/number/143537 996 $6245$aTutte le novelle$9(OLS)http://pul/title/151648 996 $6260$aMilano :$bArnoldo Mondadori$9(OLS)http://pul/publisher/60431